| 000 | 00712nam a22002177a 4500 | ||
|---|---|---|---|
| 003 | UA-OsUOA | ||
| 001 | 87705 | ||
| 007 | ta | ||
| 008 | 20120921b un ||||| |||| 00| 0 ukr d | ||
| 090 |
_a82.09(091)(477) _bС48 |
||
| 942 | _cBK | ||
| 040 |
_aUA-OsUOA _brus _cUA-OsUOA _dUA-OsUOA |
||
| 245 |
_aСлово о полку Игореве и мировоззрение его эпохи _bСборник научных трудов _cОтв. ред. Горский В. С. |
||
| 300 | _a184 с. | ||
| 955 | _a1 | ||
| 041 | _arus | ||
| 080 | _a82.09(091)(477) | ||
| 260 |
_aК. _bНаукова думка _c1990 |
||
| 650 | 7 |
_a82 Література. Літературознавство _2UDC |
|
| 999 |
_c374021 _d374021 |
||